000 00564nam a2200229Ia 4500
005 20250425161934.0
008 250425s9999 xx 000 0 und d
020 _a848992211X
041 _aspa
082 _a667.6
100 _aBENTLEY, J.
245 0 _aQUIMICA Y TECNOLOGIA DE PINTURAS Y REVESTIMIENTOS
250 _a1A ED.
260 _aEspaƱa
_bMADRID VICENTE EDICIONES
_c1999
260 _aMADRID
300 _a292
650 _aPINTURAS
650 _aREVESTIMIENTOS
650 _aTECNOLOGIA DE LAS PINTURAS
942 _c01
010 _a35724
999 _c219230
_d219230